Textbook on contract law. / (Record no. 4777)
[ view plain ]
| 000 -LEADER | |
|---|---|
| fixed length control field | 01751cam a22002654a 4500 |
| 001 - CONTROL NUMBER | |
| control field | 15393901 |
| 005 - DATE AND TIME OF LATEST TRANSACTION | |
| control field | 20210414114402.0 |
| 008 - FIXED-LENGTH DATA ELEMENTS--GENERAL INFORMATION | |
| fixed length control field | 080802s2008 enk b 001 0 eng |
| 020 ## - INTERNATIONAL STANDARD BOOK NUMBER | |
| International Standard Book Number | 978199699469 (pbk. : alk. paper) |
| 040 ## - CATALOGING SOURCE | |
| Original cataloging agency | DLC |
| Transcribing agency | DLC |
| 043 ## - GEOGRAPHIC AREA CODE | |
| Geographic area code | e-uk-en |
| -- | e-uk-wl |
| 050 00 - LIBRARY OF CONGRESS CALL NUMBER | |
| Classification number | KD1554.P78 |
| 100 1# - MAIN ENTRY--PERSONAL NAME | |
| Personal name | Poole, Jill. |
| 245 10 - TITLE STATEMENT | |
| Title | Textbook on contract law. / |
| Statement of responsibility, etc. | Jill Poole. |
| 250 ## - EDITION STATEMENT | |
| Edition statement | 11th ed. |
| 260 ## - PUBLICATION, DISTRIBUTION, ETC. | |
| Place of publication, distribution, etc. | Oxford ; |
| -- | New York : |
| Name of publisher, distributor, etc. | Oxford University Press, |
| Date of publication, distribution, etc. | c2012. |
| 300 ## - PHYSICAL DESCRIPTION | |
| Extent | xL, 619p.: |
| Dimensions | 25 cm. |
| Other physical details | ill |
| 500 ## - GENERAL NOTE | |
| General note | Includes index |
| Institution to which field applies | DLC |
| 505 0# - FORMATTED CONTENTS NOTE | |
| Formatted contents note | Introduction to the law of contract -- Formation-- Agreement -- Agreement problems -- Enforceability of promises: Consideration, promissory estoppel -- Intention to create legally bound, formalities and capacity to contract -- Content, Interpretation, performance and breach: Content of the contract and principles of interpretation -- Exemption clauses and unfair contract terms -- Breach of contract -- Enforcement of contractual obligations: Damages for breach of contract -- Remedies providing for specific relief and restitutionary remedies -- Privity of contract and third party rights Discharge by frustration : subsequent impossibility -- Methods of policing the making of the contact: Non-agreement mistake -- Misrepresentation -- Duress, undue influence, and unconscionable bargains -- Illegality. |
| 650 #0 - SUBJECT ADDED ENTRY--TOPICAL TERM | |
| Topical term or geographic name entry element | Contracts |
| Geographic subdivision | England. |
| 650 #0 - SUBJECT ADDED ENTRY--TOPICAL TERM | |
| Topical term or geographic name entry element | Contracts |
| Geographic subdivision | Wales. |
| 906 ## - LOCAL DATA ELEMENT F, LDF (RLIN) | |
| a | 7 |
| b | cbc |
| c | origcop |
| d | 2 |
| e | ncip |
| f | 20 |
| g | y-gencatlg |
| 942 ## - ADDED ENTRY ELEMENTS (KOHA) | |
| Source of classification or shelving scheme | Library of Congress Classification |
| Koha item type | Books |
| Withdrawn status | Lost status | Source of classification or shelving scheme | Damaged status | Not for loan | Home library | Current library | Shelving location | Date acquired | Total Checkouts | Full call number | Barcode | Date last seen | Copy number | Price effective from | Koha item type |
|---|---|---|---|---|---|---|---|---|---|---|---|---|---|---|---|
| Library of Congress Classification | WISCONSIN INTERNATIONAL UNIVERSITY COLLEGE, GHANA - MAIN LIBRARY | WISCONSIN INTERNATIONAL UNIVERSITY COLLEGE, GHANA - MAIN LIBRARY | Law Library | 15/09/2014 | KD1554.P78 | 072/13 | 15/09/2014 | 1 | 15/09/2014 | Books |
